Statistics for Geography Basics #7: The continents (jumbled letters)

Click here to take the quiz!

General Stats

  • This quiz has been taken 33 times
    (17 since last reset)
  • The average score is 7 of 7

Answer Stats

HintAnswer% Correct
RafcaiAfrica
100%
Rhnto CrimaeaNorth America
100%
Tsuoh RimacaeSouth America
100%
CtcantaraicAntarctica
93%
SaiaAsia
93%
PeeruoEurope
93%
CoinaeaOceania
73%

Score Distribution

Percentile by Number Answered

Percent of People with Each Score

Your Score History

You have not taken this quiz since the last reset